<?xml version="1.0" encoding="UTF-8"?>
<marc:record xmlns:marc="http://www.loc.gov/MARC21/slim">
   <marc:leader>00000nam a2200000 a 4500</marc:leader>
   <marc:datafield ind1="1" ind2=" " tag="100">
      <marc:subfield code="a">Brügge, Claudia</marc:subfield>
      <marc:subfield code="4">aut</marc:subfield>
      <marc:subfield code="e">Verfasser/-in</marc:subfield>
   </marc:datafield>
   <marc:datafield ind1=" " ind2=" " tag="653">
      <marc:subfield code="a">Psychose / Psychiatrische Klinik / Alternative</marc:subfield>
   </marc:datafield>
   <marc:datafield ind1=" " ind2=" " tag="653">
      <marc:subfield code="a">Psychiatrische Klinik / Alternative</marc:subfield>
   </marc:datafield>
   <marc:datafield ind1=" " ind2=" " tag="653">
      <marc:subfield code="a">Psychiatrische Klinik / Kritik</marc:subfield>
   </marc:datafield>
   <marc:datafield ind1=" " ind2=" " tag="653">
      <marc:subfield code="a">Psychiatrische Klinik</marc:subfield>
   </marc:datafield>
   <marc:datafield ind1=" " ind2=" " tag="653">
      <marc:subfield code="a">Psychose / Psychiatrische Klinik / Kritik</marc:subfield>
   </marc:datafield>
   <marc:datafield ind1=" " ind2=" " tag="653">
      <marc:subfield code="a">Psychose</marc:subfield>
   </marc:datafield>
   <marc:datafield ind1="0" ind2="0" tag="245">
      <marc:subfield code="a">Wohin mit dem Wahnsinn? Ausgewählte Aspekte der Kontroverse um Anstaltspsychiatrie und mögliche Alternativen</marc:subfield>
   </marc:datafield>
   <marc:datafield ind1="0" ind2="0" tag="245">
      <marc:subfield code="b">Kritischer Überblick über psychiatrische, antipsychiatrische  u. feministische Positionen - am Beispiel von Soteria (Bern), v. Weglaufhaus Berlin u. v. Therapieansatz Polina Hilsenbecks (München)</marc:subfield>
   </marc:datafield>
   <marc:datafield ind1="0" ind2="0" tag="245">
      <marc:subfield code="c">Claudia Brügge</marc:subfield>
   </marc:datafield>
   <marc:datafield ind1=" " ind2="1" tag="264">
      <marc:subfield code="a">Berlin</marc:subfield>
      <marc:subfield code="b">Antipsychiatrieverlag</marc:subfield>
      <marc:subfield code="c">2004</marc:subfield>
   </marc:datafield>
   <marc:datafield ind1="1" ind2=" " tag="490">
      <marc:subfield code="a">Edition Libera</marc:subfield>
   </marc:datafield>
   <marc:datafield ind1="1" ind2=" " tag="520">
      <marc:subfield code="a">Ausgehend von den umstrittenen Behandlungsmethoden in der Psychiatrie und einer Kritik des Krankheitsbegriffs fragt Claudia Brügge nach angemessenen und respektvollen Möglichkeiten des Umgangs mit Menschen, die unter psychischen Problemen leiden. Im Gegensatz zur Psychiatrie sollen in alternativen Einrichtungen die Subjektivität und Biografie der Betroffenen im Zentrum stehen. Wo liegt der qualitative Unterschied der Strukturen? Wie sieht das andere Psychoseverständnis aus, worin zeigt sich der andere Umgang mit Psychopharmaka? In der vorliegenden Studie interviewte die Autorin MitarbeiterInnen der Soteria Bern, des Frauentherapiezentrums München und des Weglaufhausprojekts Berlin. Sie erläutert, unter welchen Bedingungen psychosoziale Begleitung und Behandlung hilfreich sein können.</marc:subfield>
   </marc:datafield>
   <marc:datafield ind1=" " ind2=" " tag="020">
      <marc:subfield code="a">9783925931291</marc:subfield>
      <marc:subfield code="9">9783925931291</marc:subfield>
   </marc:datafield>
   <marc:datafield ind1=" " ind2=" " tag="500">
      <marc:subfield code="a">Literaturverz. S. 257 - 275</marc:subfield>
   </marc:datafield>
   <marc:datafield ind1=" " ind2=" " tag="300">
      <marc:subfield code="a">275 S.</marc:subfield>
   </marc:datafield>
</marc:record>
